000 00680nam 22002413 4500
001 202647
010 _a972-41-3976-X
021 _aPT
_b222644/05
090 _a202647
100 _a20260619d u||y0pory50 ba
200 _aUm filho de ouro
_fFranquin, desenhos Batem, argumento Bourcquardez & Saive
205 _a
210 _aPorto
_cEdições Asa II
_d2005
215 _a46, [1] p.
_cil. ; encadernado
_d30 cm
225 _aMarsupilami
_h14
606 _91586
_aDesenho Artístico
610 _aBanda Desenhada
675 _a74
_vPT
_zpor
700 _910122
_aFranquim
701 _917491
_aBatem
_f1960-
_bLuc Collin
801 _aPT
_bBMMN
_gRPC
830 _cIsabel
990 _cLIVROS